Multi-Category Television Blitz Quiz Stats

Quiz Updated Sep 19, 2015

Challenge
Share
Tweet
Embed
Score 0/30 Timer 04:00
1 Play Today
Hint Answer % Correct
Four Letter TVTwin
95.4%
Begins with PPhiladelphia
95.1%
Begins with PPhoebe
93.3%
Famous TV FemalesXena
87.3%
Begins with PParks and Recreation
85.4%
1960s Television The Addams Family
83.2%
Four Letter TVHill
81.4%
Four Letter TVTaxi
81.1%
Four Letter TVStan, Kyle, or Eric
76.4%
1960s Television Johnny Carson
76.1%
Famous TV FemalesElaine Benes
76.1%
Begins with PPierce
74.8%
1960s Television The Jetsons
71.7%
1960s Television The Twilight Zone
68.4%
1960s Television 60 Minutes
68.4%
Hint Answer % Correct
Name that MiniseriesRoots
65.3%
Name that MiniseriesPride and Prejudice
60.6%
Famous TV FemalesClair Huxtable
56.4%
Show by Three VillainsLost
53.3%
Famous TV FemalesJackie Peyton
52.7%
Show by Three VillainsStar Trek: The Next Generation
51.6%
Name that MiniseriesJohn Adams
51.2%
Begins with PPaulie
47.9%
Show by Three VillainsBreaking Bad
42.2%
Name that MiniseriesBand of Brothers
42.2%
Four Letter TVBart or Lisa
42%
Famous TV FemalesSue Sylvester
37.1%
Show by Three VillainsBuffy the Vampire Slayer
36%
Show by Three VillainsThe Wire
25.6%
Name that MiniseriesAngels in America
24%

You're not logged in!

Compare scores with friends on all Sporcle quizzes.
Sign Up with Email
OR
Log In

You Might Also Like...

Show Comments

Extras

Top Quizzes Today


Score Distribution

Your Account Isn't Verified!

In order to create a playlist on Sporcle, you need to verify the email address you used during registration. Go to your Sporcle Settings to finish the process.